¿ Filosofía de la educación hoy ? ¿ para qué ? (Record no. 79556)

MARC details
000 -CABECERA
campo de control de longitud fija 00620nam a2200217 a 4500
005 - FECHA Y HORA DE LA ÚLTIMA TRANSACCIÓN
campo de control 20210223124048.0
008 - ELEMENTOS DE LONGITUD FIJA--INFORMACIÓN GENERAL
campo de control de longitud fija 991125n 000 0 spa u
035 ## - NÚMERO DE CONTROL DEL SISTEMA
Número de control de sistema UPN01000105608
100 1# - ASIENTO PRINCIPAL--NOMBRE PERSONAL
Nombre de persona Gervilla Castillo, Enrique
9 (RLIN) 37733
222 ## - TÍTULO CLAVE
Título clave REVISTA DE CIENCIAS DE LA EDUCACION
245 ## - MENCIÓN DE TÍTULO
Título ¿ Filosofía de la educación hoy ? ¿ para qué ?
260 ## - PUBLICACIÓN, DISTRIBUCIÓN, ETC.
Lugar de publicación, distribución, etc. Madrid, España
300 ## - DESCRIPCIÓN FÍSICA
Extensión 557-569
362 0# - FECHAS DE PUBLICACIÓN Y/O DESIGNACIÓN SECUENCIAL
Fecha de publicación y/o designación secuencial 1993 No. 156, oct.-dic.
653 0# - TERMINO DE INDIZACION - NO CONTROLADO
Término no controlado AXIOLOGIA EDUCATIVA
653 0# - TERMINO DE INDIZACION - NO CONTROLADO
Término no controlado CURRICULUM
653 0# - TERMINO DE INDIZACION - NO CONTROLADO
Término no controlado FILOSOFIA EDUCATIVA
653 0# - TERMINO DE INDIZACION - NO CONTROLADO
Término no controlado HISTORIA EDUCATIVA
904 ## - ELEMENTOS DE DATOS D LOCAL, LDD (RLIN)
a AC
b 043419
905 ## - TIPO DE MATERIAL
Tipo de material Articulo

No items available.